| Tag |
First Indicator |
Second Indicator |
Subfields |
| LEADER |
00000cam a2200000Ia 4500 |
| 001 |
in00002782079 |
| 005 |
20150922121535.0 |
| 008 |
120727s2012 xxu 000 0 eng d |
| 020 |
|
|
|a 9781938383007
|
| 020 |
|
|
|a 1938383001
|
| 035 |
|
|
|a (OCoLC)ocn801965651
|
| 035 |
|
|
|a (OCoLC)801965651
|
| 040 |
|
|
|a hbp
|c HBP
|d HBP
|d TXA
|d UtOrBLW
|
| 049 |
|
|
|a TXAM
|
| 082 |
0 |
4 |
|a 813/.54
|2 23
|
| 090 |
|
|
|a PS3601.U7
|b D5 2012
|
| 100 |
1 |
|
|a Austin, Terri L.
|
| 245 |
1 |
0 |
|a Diners, dives & dead ends :
|b a Rose Strickland mystery /
|c Terri L. Austin.
|
| 246 |
3 |
|
|a Diners, dives and dead ends
|
| 250 |
|
|
|a 1st ed.
|
| 264 |
|
1 |
|a U.S.A. :
|b Henery Press,
|c [2012]
|
| 264 |
|
4 |
|c ©2012
|
| 300 |
|
|
|a 318 pages ;
|c 22 cm.
|
| 336 |
|
|
|a text
|b txt
|2 rdacontent
|
| 337 |
|
|
|a unmediated
|b n
|2 rdamedia
|
| 338 |
|
|
|a volume
|b nc
|2 rdacarrier
|
| 500 |
|
|
|a Includes a reader discussion guide.
|
| 650 |
|
0 |
|a Missing persons
|v Fiction.
|
| 650 |
|
0 |
|a Waitresses
|v Fiction.
|
| 655 |
|
7 |
|a Mystery fiction.
|2 gsafd
|
| 994 |
|
|
|a C0
|b TXA
|
| 948 |
|
|
|a cataloged
|b h
|c 2012/10/25
|d c
|e agaffey
|f 5:33:16 pm
|
| 999 |
|
|
|a MARS
|
| 999 |
f |
f |
|s 0b6a4495-f0fb-31e3-936c-6fe3315e6bf2
|i a3b7430c-17be-3d74-bfc7-e12ccc67b01e
|t 0
|
| 952 |
f |
f |
|p ric
|a Texas A&M University
|b Rellis Campus
|c Joint Library Facility
|d Remote Storage
|t 0
|e PS3601.U7 D5 2012
|h Library of Congress classification
|i unmediated -- volume
|m A14841587068
|
| 998 |
f |
f |
|a PS3601.U7 D5 2012
|t 0
|l Remote Storage
|